00600nam a22001817a 450000500170000001000150001702000250003203500140005703700130007108200130008410000130009724500810011026000770019127000920026830000180036070000220037870000180040020220810160137.0 aENG-134392 a978380831220c118.00 aEN-117334 bDBAD/PUB a658.3124 aS Sujana aTraining and Development/cby S Sujan; A Santoshi Roopa; ed by Lakshmi Rawat aHyderadadb( student helpline pvt. LTD. under publication section)c2010 aS.R. Nagar , hyderbad - 500038. A.P., INDIAbHyderadade500038minfo@studenthelpline.in avp.c22cm(hb) aRoopa, Santoshi A aRawat , Laxmi